[Event "Shiraz Farvardin op"]
[Site "Shiraz"]
[Date "2018.04.12"]
[Round "3"]
[White "Mehrabi, Morteza"]
[Black "Pourramezanali, Amirreza"]
[Result "0-1"]
[WhiteElo "2023"]
[BlackElo "2536"]
[PlyCount "52"]
[EventDate "2018.04.11"]
[EventType "swiss"]
[EventRounds "11"]
[EventCountry "IRI"]
[SourceTitle "CBM 187 Extra"]
[Source "ChessBase"]
[SourceDate "2018.11.04"]
[SourceVersion "1"]
[SourceVersionDate "2018.11.04"]
[SourceQuality "1"]

1. d4 e6 2. c4 Nf6 3. Nc3 Bb4 4. f3 c5 5. a3 Bxc3+ 6. bxc3 Nc6 7. e4 d6 8. Be3 b6 9. Bd3 0-0 10. Ne2 Na5 11. Ng3 Ba6 12. Qe2 Qc7 13. d5 Nd7 14. f4 exd5 15. exd5 Rae8 16. Kf2 Nf6 17. Rae1 Rxe3 18. Kxe3 Re8+ 19. Ne4 Nxe4 20. Kf3 f5 21. Qa2 Qf7 22. g3 Bxc4 23. Bxc4 Nxc4 24. Rd1 Qh5+ 25. Kg2 Nxc3 26. Qxc4 Re2+ 0-1

[Event "Bandarabbas Sahel Cup 17th"]
[Site "Bandarabbas"]
[Date "2016.03.09"]
[Round "6.1"]
[White "Asbahi, Mohammad"]
[Black "Mehrabi, Morteza"]
[Result "0-1"]
[WhiteElo "2042"]
[BlackElo "1911"]
[PlyCount "86"]
[EventDate "2016.03.06"]
[EventType "swiss"]
[EventRounds "9"]
[EventCountry "IRI"]
[SourceTitle "EXT 2024"]
[Source "ChessBase"]
[SourceDate "2023.10.10"]
[SourceVersion "1"]
[SourceVersionDate "2023.10.10"]
[SourceQuality "1"]

1. Nf3 Nf6 2. g3 b5 3. Bg2 Bb7 4. 0-0 e6 5. d3 Be7 6. e4 d6 7. Ne1 Qc8 8. f4 Nbd7 9. Nc3 b4 10. Ne2 c5 11. h3 Qc7 12. g4 h6 13. Ng3 g6 14. c4 Bf8 15. b3 Bg7 16. Bb2 e5 17. f5 g5 18. Nc2 a5 19. Ne3 Nb6 20. a3 Kd7 21. axb4 axb4 22. Qe2 Rxa1 23. Rxa1 Ra8 24. Nd5 Bxd5 25. cxd5 Rxa1+ 26. Bxa1 Qa7 27. Qb2 c4 28. Kh2 c3 29. Qc1 Qa5 30. Nf1 Ne8 31. Ne3 Bf6 32. Kg3 Nc7 33. Nc4 Nxc4 34. bxc4 Na6 35. Bf3 Nc5 36. Bd1 Nxd3 37. Qb1 Nc5 38. Bc2 Qa3 39. Kf3 b3 40. Bxc3 bxc2 41. Qb5+ Ke7 42. Qb2 Qxb2 43. Bxb2 Nd3 0-1

[Event "Armen Norouz Cup 1st"]
[Site "Esfahan"]
[Date "2011.03.30"]
[Round "8"]
[White "Mehrabi, Morteza"]
[Black "Ryahi, Naser"]
[Result "0-1"]
[WhiteElo "1962"]
[BlackElo "2255"]
[PlyCount "106"]
[EventDate "2011.03.25"]
[EventType "swiss"]
[EventRounds "9"]
[EventCountry "IRI"]
[SourceTitle "CBM 141 Extra"]
[Source "ChessBase"]
[SourceDate "2011.05.03"]
[SourceVersion "1"]
[SourceVersionDate "2011.05.03"]
[SourceQuality "1"]

1. e4 c5 2. c3 g6 3. d4 cxd4 4. cxd4 d5 5. exd5 Nf6 6. Nc3 Nxd5 7. Bc4 Nb6 8. Bb3 Bg7 9. Nf3 0-0 10. 0-0 Nc6 11. d5 Na5 12. Bg5 h6 13. Bf4 Nac4 14. Qe2 Nd6 15. Rfe1 Re8 16. Be5 Bd7 17. Bxg7 Kxg7 18. Ne5 a6 19. Rad1 Nbc8 20. Qf3 Rf8 21. Rc1 Nf5 22. Ne4 Ncd6 23. Nc5 Bc8 24. h3 Qa5 25. Qd3 h5 26. Ne4 Nxe4 27. Rxe4 Nd6 28. Nc4 Qd8 29. Nxd6 exd6 30. Qc3+ Kg8 31. Qc7 Bf5 32. Qxd8 Rfxd8 33. Re7 Rac8 34. Rcc7 Rxc7 35. Rxc7 Rd7 36. Rc8+ Kg7 37. f4 Kf6 38. Kf2 Bd3 39. Ke3 Bf1 40. Kf2 Bd3 41. Ke3 Bf5 42. Kf2 Re7 43. Rd8 Bd7 44. Bc2 h4 45. b4 g5 46. f5 Ke5 47. a4 f6 48. Kf3 Kxd5 49. Kf2 Ke5 50. g4 hxg3+ 51. Kxg3 d5 52. Rb8 Bxf5 53. Bxf5 Kxf5 0-1